Statistics for Minecraft Blocks by Picture #1

Click here to take the quiz!

General Stats

  • This quiz has been taken 48 times
  • The average score is 17 of 20

Answer Stats

Answer% Correct
Obsidian
100%
Cactus
98%
Chest
98%
Dirt
98%
Pumpkin
98%
Yellow Wool
98%
Diamond Ore
95%
Slime Block
95%
Soul Sand
95%
Hay Bale
91%
Netherrack
91%
Jukebox
88%
Acacia Log
81%
Bricks
81%
Composter
79%
Pink Concrete
72%
Block of Amethyst
70%
Prismarine
67%
Bamboo Planks
60%
Warped Stem
40%

Score Distribution

Percentile by Number Answered

Percent of People with Each Score

Your Score History

You have not taken this quiz